000 02234nam a22002177a 4500
003 DO-CoUTE
005 20230327113935.0
008 230327b dr ||||| |||| 00| 0 spa d
020 _a978-607-707-372-7
040 _aDO-CoUTE
_bspa
_cDO-CoUTE
082 _222
_a621.815 V335a 2013
100 1 _aVásquez Angulo, José Antonio
_eautor
245 1 0 _aAnálisis y diseño de piezas con CATIA V5 /
_cJosé Antonio Vásquez Angulo
250 _asegunda edición
260 _aMéxico, DF. :
_bAlfaomega Grupo Editor,
_c2013
300 _a271 páginas :
_bIlustraciones ;
_c28cm.
504 _aIncluye referencia bibliográfica e índice
520 _aCuando hemos dibujado una pieza empleando los módulos Part Design, Wireframe & Surface Design y Assembly Design, con el programa CATIA V5 (Computer Aided Three-Dimensional Interactive), no sabemos con certeza qué va a ocurrir con nuestro modelo inicial de diseño. Nos preguntamos si este modelo previo cumplirá con las especificaciones técnicas requeridas para el uso que nos hemos planteado. Una vez maquinada la pieza, ¿resistirá la acción de las cargas aplicadas y condiciones de trabajo a las que se estará sometida cuando la usemos? Éstas y muchas otras inquietudes nos surgen en el momento de ver terminado nuestro diseño gráfico en 3D. El objetivo de este libro es proporcionar a todos los diseñadores que trabajan con CATIA V5 la posibilidad de analizar, simular y calcular piezas de maquinaria en general GPS Generative Part Structural Analysis y grupo de piezas (montajes) GAS Generative Assembly Structural Analysis, empleando el método de elementos finitos MEF o FEM (Finite Element Method), como se le conoce en inglés. El FEM se ha convertido en el método estándar más usado actualmente para la simulación numérica. CATIA V5 es uno de los mejores programas de diseño gráfico en 3D (CAD/CAM/CAE) y uno de los principales en el análisis en CAX-System. Este programa proporciona al diseñador de máquinas un ambiente de trabajo y una serie de tareas prácticas de cálculo que le permiten incursionar en las diversas plataformas de diseño de manera rápida y eficiente.
650 4 _aMaquinaria -- Piezas -- Diseño
942 _2ddc
_cBK
999 _c22478
_d22478